000 01318cam a2200217 4500
001 L130829
008 050902n2005 000 0 eng u
035 _a(Sirsi) u130829
041 0 _aeng
110 _aOffice of the Deputy Prime Minister
_94685
245 _aODPM Circular 08/05
_bguidance on changes to the development control system
260 _c2005
490 _aODPM Circular
520 _aProvides guidance on the operation of the development control system provisions commenced on 24 August 2005 which are contained in Part IV of the Planning and Compulsory Purchase Act 2004. The Circular covers: powers to decline to determine applications; the duration of permission and consent; the duty to respond to the consultation, and regional planning bodies as statutory consultees. The guidance in this Circular only relates to England. A further circular will be issued when measures are commenced in relation to Wales.
590 _aIKA130905
650 _aPLANNING AND COMPULSORY PURCHASE ACT 2004 PART V
650 _aODPM CIRCULAR 08/2005
690 _aENVIRONMENTAL AND LAND CONSULTANCY-PLANNING AND DEVELOPMENT-DEVELOPMENT CONTROL
856 _uhttps://www.communities.gov.uk/documents/planningandbuilding/pdf/147564.pdf
_zView the item free of charge at www.communities.gov.uk
942 _n0
999 _c104586
_d104586